000 00874nam a2200241 i 4500
001 24470
003 ES-MaACL
005 20250727025840.0
007 t|
008 021217s1987 sp ||||1| spa d
100 1 _aApalategui Begiristain, Joxemartin.
_922035
245 1 0 _aIntroducción a la historia oral a través de los kontuzaharrak (cuentos viejos) de la comunidad guipuzkoana de Ataun /
_cJoxemartin Apalategui Begiristain ; prólogo de Julio Caro Baroja.
250 _a1ª ed.
260 _aBarcelona :
_bAnthropos,
_c1987.
300 _a272 p. :
_bil. ;
_c20 cm.
490 1 _aAutores, textos y temas de antropología ;
_v10
500 _aIndice.
504 _aBibliografía.
700 1 _aCaro Baroja, Julio,
_d1914-1995
_935403
830 0 _aAutores, textos y temas. Antropología
_v10
_9177281
852 _aES-MaACL
_jG-9592
999 _c24470
_d24470